000 00877 a2200217 4500
008 110726t xxu||||| |||| 00| 0 eng d
020 _a0321476174
050 _aQA267
_b.H67 2007
100 _aHopcroft, John E.
245 _aIntroduction to Automata theory, language and computation
_cJohn E. Hopcroft, Rajeev Motwani, Jeffrey D. Ullman
250 _a3rd ed.
260 _bPearson
_c2007
_aBoston
300 _aXvii,535p.
_c24cm
500 _aIncludes index
650 _bAutomata
700 _aMotwani,Rajeev
700 _aUllman,Jeffrey D.
942 _cBK
_2lcc
999 _c38674
_d38674